|
|
|
|
| LEADER |
01452nam a2200289 a 4500 |
| 001 |
1181770 |
| 008 |
091116s1998 caua b 001 0 eng d |
| 010 |
|
|
|a \\\97031965
|
| 020 |
|
|
|a 0805306552
|
| 020 |
|
|
|a 9814053449
|
| 040 |
|
|
|a DLC
|c DLC
|d DLC
|
| 082 |
0 |
0 |
|a 579/.17
|2 21
|
| 100 |
1 |
|
|a Atlas, Ronald M.,
|d 1946-
|
| 245 |
1 |
0 |
|a Microbial ecology :
|b fundamentals and applications /
|c Ronald M. Atlas, Richard Bartha.
|
| 250 |
|
|
|a 4th ed.
|
| 260 |
|
|
|a Menlo Park, Calif. :
|b Benjamin/Cummings,
|c c1998.
|
| 300 |
|
|
|a x, 694 p. :
|b ill. ;
|c 26 cm.
|
| 504 |
|
|
|a Includes bibliographical references and index.
|
| 541 |
1 |
|
|e 00019602
|
| 650 |
|
0 |
|a Microbial ecology.
|
| 700 |
1 |
|
|a Bartha, Richard.
|
| 852 |
4 |
|
|a Ayesha Abed Library
|j General shelf
|
| 942 |
0 |
0 |
|0 4
|
| 999 |
|
|
|c 5539
|d 5539
|
| 952 |
|
|
|0 0
|1 0
|2 ddc
|4 1
|6 579_170000000000000_ATL_1998
|7 0
|9 5420
|a BRACUL
|b BRACUL
|c SPS
|d 2009-11-16
|g 854.00
|l 12
|m 61
|o 579.17 ATL
|p 3010019602
|r 2018-08-26
|s 2018-07-18
|t 1
|w 2009-11-16
|y BK
|x Photocopy Book. Declared as Damaged on December 10, 2023
|
| 952 |
|
|
|0 0
|1 4
|2 ddc
|4 1
|6 579_170000000000000_ATL
|7 0
|9 5421
|a BRACUL
|b BRACUL
|c SPS
|d 2009-11-16
|g 854.00
|l 9
|m 38
|o 579.17 ATL
|p 3010019601
|r 2018-09-18
|s 2018-05-09
|t 2
|w 2009-11-16
|y BK
|x Koha Inventory 2020
|
| 952 |
|
|
|0 0
|1 0
|2 ddc
|4 1
|6 579_170000000000000_ATL_1998
|7 0
|9 5422
|a BRACUL
|b BRACUL
|c SPS
|d 2009-11-16
|g 854.00
|l 13
|m 67
|o 579.17 ATL
|p 3010019600
|r 2019-02-02
|s 2019-01-15
|t 3
|w 2009-11-16
|y BK
|x Photocopy Book. Declared as Damaged on December 10, 2023
|